00000000nam##2200000za#4500
0019.678420
003CaOODSP
00520220107134005
007ta
008150407|1990||||xxc|||||     f|0| 0 fre|d
020 |a0-662-97775-0
040 |aCaOODSP|bfre
043 |an-cn---
0861 |aH72-21/78-1992F
1102 |aCentre national d'information sur la violence dans la famille (Canada)
24510|aIsolées, apeurées et oubliées: les services aux immigrantes et aux refugiées qui sont battues: besoins et réalités / |cPréparé par Linda MacLeod et Maria Shin.
260 |aOttawa - Ontario : |bSanté et Bien-être social Canada. |c1990.
300 |a43p. : |bréférences ; |c28 cm.
500 |aSommaire: Introduction.--But et approche de cette monographie.--Comprendre l'expérience vécue des immigrantes et des réfugiées qui sont battues.--Services actuellement offerts aux immigrantes et aux réfugiées battues.--Adapter les services aux situations des immigrantes battues et à leurs besoins: une approche parallèle.--Quelques exemples de cette approche parallèle.--Les gouvernements et les services publics commencent à réagir.--Obstacles à des changements plus poussés.--Conclusion.--Références.--Annexe I: Guide pour les interviews.--Annexe II: Ressources choisies.--Annexe III: Organisations et personnes à consulter.--Annexe IV: Feuillet de réponse.
563 |aCouverture souple
590 |a93-06|b1993-02-12
69107|aViolence faite aux femmes|2gcpds
69107|aRéfugié|2gcpds
69107|aFemme|2gcpds
69107|aImmigrant|2gcpds
7201 |aMacLeod, Linda
7201 |aShin, Maria
77508|tIsolated, afraid and forgotten: the service delivery needs and realities of immigrant and refugee women who are battered / |w(CaOODSP)9.644590